000 01045nam a2200217Ii 4500
003 JO-AjNU
008 230605s9999||||xx |||||||||||||| ||und||
017 _a2012/7415
020 _a978-603-507-047-8
040 _aJO-AjNU
_bara
_erda
_cJO-AjNU
041 _aara
050 1 4 _aP53.85 .N66125 2012
100 3 _aتحرير لوردا، إنريك؛ ترجمة عبدالله أحمد بني عبد الرحمن,
_eauthor
_953197
245 0 0 _aمدرسو اللغة من غير الناطقين بها: التصورات والتحديات ومساهماتهم في المهنة = Non-native language teachers : perceptions, challenges and contributions to the profession. Arabic
264 3 1 _aالرياض: جامعة الملك سعود، 2012
300 _a498ص
_bيشتمل على كشاف، قائمة مصطلحات من ص 475-498
336 _atext
_btxt
_2rdacontent
337 _aunmediated
_bn
_2rdamedia
338 _avolume
_bnc
_2rdacarrier
650 4 _aاللغات - دراسة وتعليم - مدرسو اللغة
_953198
999 _aA23611
_c27179
_d27179